| 000 | 00675cab a2200217 4500 | ||
|---|---|---|---|
| 001 | ABS58501 | ||
| 008 | 090401t1998 xxu||||| |||| 00| 0 eng d | ||
| 035 | _a(Sirsi) u85261 | ||
| 041 | _aeng | ||
| 100 | _aPartridge, C. | ||
| 245 | _aKeeping the rates down | ||
| 260 | _c1998 | ||
| 350 | _a0 | ||
| 490 |
_aArchitects` Journal _v207(10) 12 March 1998, 40-41(2) |
||
| 520 | _aExplains how evaluating the rateable value of your business premises now will help you benefit in the year 2000 when the new rate levels are set. | ||
| 650 | _aBUSINESS PREMISES | ||
| 650 | _aRATING REVALUATION 2000 | ||
| 690 | _aRATING AND VALUATION | ||
| 942 | _n0 | ||
| 948 | _c27/03/1998 | ||
| 999 |
_c53600 _d53600 |
||